| 000 | 00572cam a22002171 4500 | ||
|---|---|---|---|
| 001 | sa 68010988 | ||
| 003 | DLC | ||
| 005 | 20260227112557.0 | ||
| 008 | 890821s1968 ii 000 0 hino | ||
| 010 | _asa 68010988 | ||
| 035 | _a(OCoLC)20227835 | ||
| 040 |
_aDLC _cWaU _dDLC |
||
| 042 | _apremarc | ||
| 050 | 0 | 0 |
_aPK1939 _b.S7 |
| 100 | 1 |
_aŚrīvāstava, Muralīdhara, _d1911-1980. |
|
| 245 | 1 | 0 | _aŚuddha aksharī kaise sīkheṃ? |
| 260 | _c[1968] | ||
| 300 |
_a5, 2, 147 p. _c18 cm. |
||
| 500 | _aIn Hindi. | ||
| 650 | 0 |
_aHindi language _xOrthography and spelling. |
|
| 999 |
_c83651 _d83651 |
||